02380nam a2200253 4500001000800000005001700008007000300025008004100028040000800069041000800077100004500085245010200130246008800232300002200320520076400342520075601106650002401862650002701886650003101913650001901944650002201963650002201985773011902007ESSALUD20260701102403.0ta t pe ||||| |||| 00| 0 spa d aBMG aspa aPimentel Espinoza, Marco Antonio eAutor aLa nulidad de la garantía sábanabUna cuestión de orden público en el contrato financiero aThe nullity of the dragnet clausebA matter of public policy in financial contracts apáginas 239-242 a¿Qué mecanismos procesales pueden emplearse para cuestionar que una empresa financiera pretenda aplicar una garantía sábana o amplia en un instrumento hipotecario? El autor refiere que en estos casos se puede solicitar la nulidad parcial de la cláusula o demandar la inexigibilidad, ineficacia o inejecutabilidad de dicha garantía. Si bien ambos mecanismos buscan evitar la aplicación abusiva de la cláusula, el autor considera que so lo la primera ofrece una solución definitiva y de raíz, en la medida en que la nulidad, al ser declarada judicialmente, retrotrae los efectos de la cláusula a cero, dotando al deudor de una sentencia firme que protege su patrimonio de cualquier interpretación futura por parte de la entidad acreedora. aWhat procedural mechanisms may be employed to challenge a financial institution's attempt to enforce a dragnet clause or an omnibus guarantee within a mortgage instrument? The author notes that in such cases, one may seek the partial nullity of the clause or file a claim for the unenforceability, ineffectiveness, or non-executability of said guarantee. While both mechanisms aim to prevent the abusive application of the clause, the author contends that only the farmer provides a definitive and fundamental solution. This is because a judicial declaration of nullity voids the effects of the clause ab initio, providing the debtor with a final judgment (res judicata) that shields their assets from any future interpretation by the creditor entity. aGARANTÍA SÁBANA aCONTRATOS HIPOTECARIOS aPROTECCIÓN DEL CRÉDITO aDROGNET CLAUSE aCREDIT PROTECTION aMORTGAGE CONTRACS0 022573dLima Grupo Praxis Formación Profesional, 2026-oPRA001tPraxis Civil & Procesal CivilwESSALUDx3119-7671